British Authors Quiz Stats

 Plays Quiz Updated Aug 9, 2019

Support Sporcle.
Go Orange.
Score 0/20 Timer 05:00
6 Plays Today
Title Author % Correct
Animal FarmGeorge Orwell
91.2%
A Tale of Two CitiesCharles Dickens
90.1%
Pride and PrejudiceJane Austen
88.7%
FrankensteinMary Shelley
85.3%
Jane EyreCharlotte Brontë
82.6%
Wuthering HeightsEmily Brontë
79.7%
The Canterbury TalesGeoffrey Chaucer
78.3%
Alice's Adventures in WonderlandLewis Carroll
71.4%
The Jungle BookRudyard Kipling
68.6%
Brave New WorldAldous Huxley
67.5%
Title Author % Correct
The Hound of the BaskervillesSir Arthur Conan Doyle
67.1%
The War of the WorldsH. G. Wells
62.4%
Tess of the D'UrbervillesThomas Hardy
53.9%
Robinson CrusoeDaniel Defoe
53.4%
To the LighthouseVirginia Woolf
45.5%
Lady Chatterley's LoverD. H. Lawrence
43.6%
Silas MarnerGeorge Eliot
37.7%
A Room with a ViewE. M. Forster
35%
Brideshead RevisitedEvelyn Waugh
33.7%
Vanity FairWilliam Makepeace Thackeray
32.9%

From the Vault

UK Pub Quiz: Let's Have Another Round

by SporcleEXP

There's always time for additional rounds ad infinitum.
Remove Ads.
Support Sporcle.
Get the best of Sporcle when you Go Orange. This ad-free experience offers more features, more stats, and more fun while also helping to support Sporcle. Thank you for becoming a member.

Show Comments

Extras

Top Quizzes Today


Score Distribution

Your Account Isn't Verified!

In order to create a playlist on Sporcle, you need to verify the email address you used during registration. Go to your Sporcle Settings to finish the process.

Report this User

Report this user for behavior that violates our Community Guidelines.

Details: